Monster High Character Names - Statistics

General Stats
  • This quiz has been taken 1,492 times
  • The average score is 19 of 44
Answer Stats
Character % Correct
Frankie Stein
94%
Clawd Wolf
93%
Cleo de Nile
92%
Clawdeen Wolf
88%
Draculaura
88%
Lagoona Blue
82%
Ghoulia Yelps
73%
Deuce Gorgon
69%
Howleen Wolf
66%
Abbey Bominable
61%
Spectra Vondergeist
60%
Gillington "Gil" Webber
56%
Jackson Jekyll / Holt Hyde
53%
Nefera de Nile
53%
Heath Burns
50%
Operetta
50%
Robecca Steam
49%
Rochelle Goyle
49%
Toralei Stripe
49%
Venus McFlytrap
49%
Catty Noir
41%
Clawdia Wolf
40%
Twyla
39%
Gigi Grant
37%
Manny Taur
33%
Skelita Calaveras
32%
Jinafire Long
31%
Meowlody
29%
Scarah Screams
29%
C.A. Cupid
27%
Purrsephone
26%
Elissabat
24%
Honey Swamp
23%
Viperine Gorgon
23%
Catrine DeMew
19%
Sloman "Slo-Moe" Mortovitch
17%
Whisp
14%
InvisiBilly
13%
Jane Boolittle
12%
Wydowna Spider
10%
Gory Fangtell
8%
Headmistress Bloodgood
8%
Bram Devein
3%
Madison Fear
3%
No matching quizzes found
Score Distribution
Percent of People with Each Score
Percentile by Number Answered
Your Score History
You have not taken this quiz